Southville International School and Colleges
Your cart is empty.
  • Cart
  • Lists
    Public lists Eva Luna New books Lux_list list_1
    Your lists Log in to create your own lists
  • Log in to your account
  • Your cookies
  • Search history
Southville International School and Colleges
  • Advanced search
  • Recent comments
  • Most popular
  • Libraries

Log in to your account

Log in with GOOGLE


If you do not have an external account, but do have a local account, you can still log in:

  1. Home
  2. MARC view: Mgmt /
Normal view MARC view ISBD view

Mgmt / (Record no. 277383)

[ view plain ]
MARC details
000 -LEADER
fixed length control field 01859cam a22003135a 4500
001 - CONTROL NUMBER
control field 17561771
003 - CONTROL NUMBER IDENTIFIER
control field SISC
005 - DATE AND TIME OF LATEST TRANSACTION
control field 20170130111254.0
008 - FIXED-LENGTH DATA ELEMENTS--GENERAL INFORMATION
fixed length control field 121213s2013 ohu 000 0 eng
010 ## - LIBRARY OF CONGRESS CONTROL NUMBER
LC control number 2012955792
020 ## - INTERNATIONAL STANDARD BOOK NUMBER
International Standard Book Number 9781285091075
040 ## - CATALOGING SOURCE
Original cataloging agency DLC
Transcribing agency DLC
042 ## - AUTHENTICATION CODE
Authentication code pcc
050 ## - LIBRARY OF CONGRESS CALL NUMBER
Classification number HD 69
Item number .W722 2014
100 1# - MAIN ENTRY--PERSONAL NAME
Personal name Williams, Chuck.
245 10 - TITLE STATEMENT
Title Mgmt /
Statement of responsibility, etc Chuck Williams.
250 ## - EDITION STATEMENT
Edition statement 6th edition.
260 ## - PUBLICATION, DISTRIBUTION, ETC. (IMPRINT)
Place of publication, distribution, etc Mason, OH :
Name of publisher, distributor, etc Cengage Learning,
Date of publication, distribution, etc 2014.
300 ## - PHYSICAL DESCRIPTION
Extent viii, 456, [40] pages :
Other physical details color illustrations ;
Dimensions 27 cm.
500 ## - GENERAL NOTE
General note Includes bibliographical references and index.
505 ## - FORMATTED CONTENTS NOTE
Formatted contents note PART I: INTRODUCTION TO MANAGEMENT. 1. Management. 2. History of Management. 3. Organizational Environments and Cultures. 4. Ethics and Social Responsibility. PART II: PLANNING. 5. Planning and Decision Making. 6. Organizational Strategy. 7. Innovation and Change. 8. Global Management. PART III: ORGANIZING. 9. Designing Adaptive Organizations. 10. Managing Teams. 11. Managing Human Resource Systems. 12. Managing Individuals and a Diverse Work Force. PART IV: LEADING. 13. Motivation. 14. Leadership. 15. Managing Communication. PART V: CONTROLLING. 16. Control. 17. Managing Information. 18. Managing Service and Manufacturing Operations. Endnotes. Name Index. Subject Index.
520 ## - SUMMARY, ETC.
Summary, etc Provides a concepts-driven format with optional exercises, cases, and practical applications that you can choose to use depending on your students' needs. This title allows you to manage the subtle dynamics of teaching Principles of Management, with problem sets that guide students through a lower and higher order thinking skills exercises.
650 ## - SUBJECT ADDED ENTRY--TOPICAL TERM
Topical term or geographic name as entry element Administration.
650 ## - SUBJECT ADDED ENTRY--TOPICAL TERM
Topical term or geographic name as entry element Management.
650 ## - SUBJECT ADDED ENTRY--TOPICAL TERM
Topical term or geographic name as entry element Planning.
906 ## - LOCAL DATA ELEMENT F, LDF (RLIN)
a 0
b ibc
c orignew
d 3
e epcn
f 20
g y-gencatlg
942 ## - ADDED ENTRY ELEMENTS (KOHA)
Source of classification or shelving scheme Library of Congress Classification
Koha item type Books
Holdings
Withdrawn status Lost status Source of classification or shelving scheme Damaged status Home library Current library Shelving location Date acquired Source of acquisition Total Checkouts Full call number Barcode Date last seen Date checked out Price effective from Koha item type
    Library of Congress Classification   College Library College Library Reserve Section 01/22/2015 Library Fund 1 HD 69 .W722 2014 C19081 05/15/2018 08/05/2015 01/22/2015 Books

Mgmt /

APA

Williams C., . (2014). Mgmt. Mason, OH: Cengage Learning.

Chicago

Williams Chuck, . 2014. Mgmt. Mason, OH: Cengage Learning.

Harvard

Williams C., . (2014). Mgmt. Mason, OH: Cengage Learning.

MLA

Williams Chuck, . Mgmt. Mason, OH: Cengage Learning. 2014.

  • Place hold
  • Print
  • Cite
  • Add to your cart (remove)
  • Save record
    BIBTEX Dublin Core MARCXML MARC (non-Unicode/MARC-8) MARC (Unicode/UTF-8) MARC (Unicode/UTF-8, Standard) MODS (XML) RIS
  • More searches
    Search for this title in:
    Other Libraries (WorldCat) Other Databases (Google Scholar) Online Stores (Bookfinder.com) Open Library (openlibrary.org)

Exporting to Dublin Core...

SOUTHVILLE LIBRARY

Southville International School and Colleges Library

1281 Tropical Ave. Cor. Luxembourg St., BF Homes International, Las Pinas City

Tel. No. 8256374 / 252358 Loc. 117/146

Powered by Koha